ÁAlumno sordo integrado! : Guía para profesores de educación general /

Este libro pretende difundir la problemática del deficiente auditivo, destacando su significación e incidencia, y obtener la integración de los afectados al sistema de educación común. Las sugerencias que se incluyen, avaladas por la experiencia de largos años de trabajo, buscan mejorar el desenvolv...

Full description

Bibliographic Details
Main Author: Paz C., Verónica de la
Other Authors: Miranda Jiménez, Margarita, Rojas T., Lucía
Format: Libro
Language:Spanish
Published: Santiago, Chile Universitaria 1998
Series:Colección el sembrador
Subjects:

MARC

LEADER 00000cam a2200000 a 4500
001 015581
003 UAHC_CL
005 20170803121252.0
008 051129b1998 cl 000 spa
020 |z 9561103310 
040 |a UAHC_CL  |c UAHC_CL  |d UAHC_CL 
100 1 |a Paz C., Verónica de la 
245 1 0 |a ÁAlumno sordo integrado! :  |b Guía para profesores de educación general /  |c Verónica de la Paz C., Margarita Miranda J., Lucía Rojas T. 
260 |b Universitaria  |c 1998  |a Santiago, Chile 
300 |a 73 p. 
490 0 |a Colección el sembrador 
520 |a Este libro pretende difundir la problemática del deficiente auditivo, destacando su significación e incidencia, y obtener la integración de los afectados al sistema de educación común. Las sugerencias que se incluyen, avaladas por la experiencia de largos años de trabajo, buscan mejorar el desenvolvimiento global del sordo dentro de la sala de clases y facilitar su proceso de enseñanza-aprendizaje. 
650 4 |a EDUCACION DE NIÑOS SORDOS 
650 4 |a INTEGRACION ESCOLAR 
653 |a PEDAGOGIA EN EDUCACION BASICA 
700 1 |a Miranda Jiménez, Margarita 
700 1 |a Rojas T., Lucía 
900 |a 371.912 PAZ 
942 |c BK 
952 |0 0  |1 0  |4 0  |6 371_912000000000000_PAZ  |7 0  |8 General  |9 31083  |a BC  |b BC  |c General  |d 2017-08-03  |l 1  |m 2  |o 371.912 PAZ  |p 1351458  |r 2026-01-13 00:00:00  |s 2019-10-14  |t 1  |w 2017-08-03  |y BK 
999 |c 15581  |d 15581